000 00361nam a2200157Ia 4500
008 230711s9999||||xx |||||||||||||| ||und||
041 _aENG
082 _a720
_bKR-S
100 _aKroyanker ,D
245 0 _aJerusalem Architecture
250 _a1st Ed.
260 _c1994
_aLondon
_bTauris Parke Books
300 _a541
650 _aArchitecture
942 _cBK
999 _c2752
_d2752